书目信息 |
| 题名: |
教育绿色建筑及工业建筑节能
|
|
| 作者: | 胡文斌 著 | |
| 分册: | ||
| 出版信息: | 昆明 云南大学出版社 2020.01 |
|
| 页数: | 105页 | |
| 开本: | 24cm | |
| 丛书名: | ||
| 单 册: | ||
| 中图分类: | TU244 , TU27 | |
| 科图分类: | ||
| 主题词: | 教育建筑--jiao yu jian zhu--生态建筑--研究 , 工业建筑--gong ye jian zhu--节能--研究 | |
| 电子资源: | ||
| ISBN: | 978-7-5482-3614-6 | |
| 000 | 01002nam0 2200253 450 | |
| 001 | 0106081753 | |
| 005 | 20201106082043.0 | |
| 010 | @a978-7-5482-3614-6@dCNY38.00 | |
| 100 | @a20200713d2020 em y0chiy50 ea | |
| 101 | 0 | @achi |
| 102 | @aCN@b530000 | |
| 105 | @ay z 000yy | |
| 106 | @ar | |
| 200 | 1 | @a教育绿色建筑及工业建筑节能@Ajiao yu lv se jian zhu ji gong ye jian zhu jie neng@f胡文斌著 |
| 210 | @a昆明@c云南大学出版社@d2020.01 | |
| 215 | @a105页@d24cm | |
| 330 | @a本书分为四章:第一章对绿色建筑的概念、历史演变过程及绿色建筑工程管理发展现状进行阐述;第二章对绿色建筑节能的设计标准及实现途径进行探索;第三章对绿色建筑的设计要求以及室内环境、室外环境和场地的规划设计进行研究;第四章是建筑节能在教育领域的相关实践及案例分析。 | |
| 606 | 0 | @a教育建筑@Ajiao yu jian zhu@x生态建筑@x研究 |
| 606 | 0 | @a工业建筑@Agong ye jian zhu@x节能@x研究 |
| 690 | @aTU244@v5 | |
| 690 | @aTU27@v5 | |
| 701 | 0 | @a胡文斌@Ahu wen bin@4著 |
| 801 | 0 | @aCN@bBJSZM@c20201106 |
| 905 | @b1191060-3@dTU244@e1645@f4 | |
| 教育绿色建筑及工业建筑节能/胡文斌著.-昆明:云南大学出版社,2020.01 |
| 105页;24cm |
| ISBN 978-7-5482-3614-6:CNY38.00 |
| 本书分为四章:第一章对绿色建筑的概念、历史演变过程及绿色建筑工程管理发展现状进行阐述;第二章对绿色建筑节能的设计标准及实现途径进行探索;第三章对绿色建筑的设计要求以及室内环境、室外环境和场地的规划设计进行研究;第四章是建筑节能在教育领域的相关实践及案例分析。 |
| ● |
| 相关链接 |
|
|
|
|
正题名:教育绿色建筑及工业建筑节能
索取号:TU244/1645
 
预约/预借
| 序号 | 登录号 | 条形码 | 馆藏地/架位号 | 状态 | 备注 |
| 1 | 1191060 | 211910609 | 第二样本阅览室/ [索取号:TU244/1645] | 在馆 | |
| 2 | 1191061 | 211910618 | 第三借阅区/ [索取号:TU244/1645] | 在馆 | |
| 3 | 1191062 | 211910627 | 第三借阅区/ [索取号:TU244/1645] | 在馆 | |
| 4 | 1191063 | 211910636 | 第三借阅区/ [索取号:TU244/1645] | 在馆 |